A day no pigs would die / (Record no. 4)
[ view plain ]
| 000 -LEADER | |
|---|---|
| fixed length control field | 00559nam a22001937a 4500 |
| 005 - DATE AND TIME OF LATEST TRANSACTION | |
| control field | 20230414033805.0 |
| 008 - FIXED-LENGTH DATA ELEMENTS--GENERAL INFORMATION | |
| fixed length control field | 221013b |||||||| |||| 00| 0 eng d |
| 020 ## - INTERNATIONAL STANDARD BOOK NUMBER | |
| International Standard Book Number | 0-440-92083-3 |
| 082 ## - DEWEY DECIMAL CLASSIFICATION NUMBER | |
| Classification number | Fic. P367 1972 |
| 100 ## - MAIN ENTRY--PERSONAL NAME | |
| Personal name | Peck, Robert N. |
| Relator term | author |
| 245 ## - TITLE STATEMENT | |
| Title | A day no pigs would die / |
| Statement of responsibility, etc. | Robert Newton Peck |
| 260 ## - PUBLICATION, DISTRIBUTION, ETC. | |
| Place of publication, distribution, etc. | New York: |
| Name of publisher, distributor, etc. | Dell Publishing, |
| Date of publication, distribution, etc. | c1972. |
| 300 ## - PHYSICAL DESCRIPTION | |
| Extent | 139p. |
| 490 ## - SERIES STATEMENT | |
| Series statement | Laurel-leaf historical fiction |
| 541 ## - IMMEDIATE SOURCE OF ACQUISITION NOTE | |
| Accession number | 5172 |
| 650 ## - SUBJECT ADDED ENTRY--TOPICAL TERM | |
| Topical term or geographic name entry element | Farm life - Vermont - Fiction |
| 650 ## - SUBJECT ADDED ENTRY--TOPICAL TERM | |
| Topical term or geographic name entry element | Fathers and sons - Fiction |
| 650 ## - SUBJECT ADDED ENTRY--TOPICAL TERM | |
| Topical term or geographic name entry element | Swine - Fiction |
| Withdrawn status | Lost status | Source of classification or shelving scheme | Damaged status | Not for loan | Home library | Current library | Date acquired | Total Checkouts | Full call number | Barcode | Date last seen | Copy number | Price effective from | Koha item type |
|---|---|---|---|---|---|---|---|---|---|---|---|---|---|---|
| Dewey Decimal Classification | ctu-moalboal | ctu-moalboal | 06/06/2017 | Fic. P367 1972 | 5172 | 10/13/2022 | 1 | 10/13/2022 | Books-Fiction |